Statistics for U.S. States by First Two Letters

Click here to take the quiz!

General Stats

  • This quiz has been taken 298 times
  • The average score is 24 of 25

Answer Stats

First Two Letters State % Correct
FLFlorida
99%
CACalifornia
98%
UTUtah
98%
OHOhio
98%
OKOklahoma
98%
KAKansas
97%
INIndiana
97%
IDIdaho
97%
ILIllinois
97%
DEDelaware
96%
OROregon
96%
GEGeorgia
95%
RHRhode Island
95%
IOIowa
95%
WYWyoming
95%
KEKentucky
94%
WAWashington
94%
HAHawaii
93%
VIVirginia
92%
VEVermont
92%
WIWisconsin
91%
LOLouisiana
90%
PEPennsylvania
90%
MOMontana
88%
WEWest Virginia
86%

Score Distribution

Percentile by Number Answered

Percent of People with Each Score

Your Score History

You have not taken this quiz